000 nam a22 7a 4500
999 _c7908
_d7908
008 171108b xxu||||| |||| 00| 0 eng d
100 _94373
_aDAS.A
245 _aMATHEMATICS X QUSETION PAPER
260 _aAGRA
_bOSWAL
_c2018